Young Scientist : Atoms and Molecules Vol - 13 (Record no. 75902)

MARC details
000 -LEADER
fixed length control field 00357pam a2200145 a 4500
020 ## - INTERNATIONAL STANDARD BOOK NUMBER
International Standard Book Number 071666061X
Terms of availability
041 ## - LANGUAGE CODE
Language code of text/sound track or separate title eng
082 ## - DEWEY DECIMAL CLASSIFICATION NUMBER
Classification number 000
Item number WOR
100 ## - MAIN ENTRY--PERSONAL NAME
Personal name World Book, Inc.
245 ## - TITLE STATEMENT
Title Young Scientist : Atoms and Molecules Vol - 13
Medium Textual Documents
260 ## - PUBLICATION, DISTRIBUTION, ETC.
Place of publication, distribution, etc. Chicago
Name of publisher, distributor, etc. World Book, Inc.
Date of publication, distribution, etc. 1992
300 ## - PHYSICAL DESCRIPTION
Extent 62.
653 ## - INDEX TERM--UNCONTROLLED
Uncontrolled term General
930 ## - EQUIVALENCE OR CROSS-REFERENCE-UNIFORM TITLE HEADING [LOCAL, CANADA]
Uniform title 2621
Holdings
Withdrawn status Lost status Damaged status Not for loan Collection Home library Current library Date acquired Source of acquisition Total Checkouts Full call number Barcode Date last seen Copy number Price effective from Koha item type
          Poona College of Pharmacy, Pune Poona College of Pharmacy, Pune 06/01/1994 Lotus Learining Ltd   000 WOR PCP-BMT-370 24/02/2023 1 24/02/2023 Book